Statistics for Royal Dynasties of France

Click here to take the quiz!

General Stats

  • This quiz has been taken 29 times
  • The average score is 10 of 12

Answer Stats

YearHintAnswer% Correct
1804 | 1852House of Bon______House of Bonaparte
96%
1589 | 1814House of Bou____House of Bourbon
92%
1328House of Val___House of Valois
88%
1792F_____ First RepublicFrench First Republic
88%
1830House of Orl____House of Orleans
88%
1848F_____ Second RepublicFrench Second Republic
88%
481Merov______ DynastyMerovingian Dynasty
81%
751Carol______ DynastyCarolingian Dynasty
81%
987Cap_____ DynastyCapetian Dynasty
73%
888Rob______ DynastyRobertian Dynasty
31%

Score Distribution

Percentile by Number Answered

Percent of People with Each Score

Your Score History

You have not taken this quiz